Allamana Vajragalu (Record no. 233656)
[ view plain ]
| 000 -LEADER | |
|---|---|
| fixed length control field | 00661nam a22002057a 4500 |
| 005 - DATE AND TIME OF LATEST TRANSACTION | |
| control field | 20250806102218.0 |
| 008 - FIXED-LENGTH DATA ELEMENTS--GENERAL INFORMATION | |
| fixed length control field | 250117b ||||| |||| 00| 0 eng d |
| 020 ## - INTERNATIONAL STANDARD BOOK NUMBER | |
| International Standard Book Number | 9789392125515 |
| 040 ## - CATALOGING SOURCE | |
| Transcribing agency | AL |
| 041 ## - LANGUAGE CODE | |
| Language code of text/sound track or separate title | Kannada |
| 082 ## - DEWEY DECIMAL CLASSIFICATION NUMBER | |
| Edition number | 23 |
| Classification number | K894.103 |
| Item number | MAHA |
| 100 ## - MAIN ENTRY--PERSONAL NAME | |
| Personal name | N G Mahadevappa |
| 100 ## - MAIN ENTRY--PERSONAL NAME | |
| 9 (RLIN) | 234182 |
| 100 ## - MAIN ENTRY--PERSONAL NAME | |
| Numeration | ಎನ್ ಜಿ ಮಹಾದೇವಪ್ಪ |
| 9 (RLIN) | 207711 |
| 245 ## - TITLE STATEMENT | |
| Title | Allamana Vajragalu |
| Remainder of title | : ಅಲ್ಲಮನ ವಜ್ರಗಳು |
| 260 ## - PUBLICATION, DISTRIBUTION, ETC. | |
| Place of publication, distribution, etc. | Bangalore |
| Name of publisher, distributor, etc. | Basava Samithi |
| Date of publication, distribution, etc. | 2024 |
| 300 ## - PHYSICAL DESCRIPTION | |
| Extent | xxii,585p |
| Other physical details | HB |
| Dimensions | 24x16 cm |
| 365 ## - TRADE PRICE | |
| Price type code | BLCR-000067 |
| Price amount | ₹360.00 |
| Currency code | ₹ |
| Unit of pricing | ₹450.00 |
| Price note | 20% |
| Price effective from | 13-01-2025 |
| 650 ## - SUBJECT ADDED ENTRY--TOPICAL TERM | |
| Topical term or geographic name entry element | Kannada Poetry |
| 9 (RLIN) | 193968 |
| 942 ## - ADDED ENTRY ELEMENTS (KOHA) | |
| Source of classification or shelving scheme | Dewey Decimal Classification |
| Koha item type | Reference |
| Withdrawn status | Lost status | Source of classification or shelving scheme | Damaged status | Not for loan | Collection code | Home library | Current library | Shelving location | Date acquired | Source of acquisition | Cost, normal purchase price | Total Checkouts | Full call number | Barcode | Date last seen | Cost, replacement price | Price effective from | Koha item type |
|---|---|---|---|---|---|---|---|---|---|---|---|---|---|---|---|---|---|---|
| Dewey Decimal Classification | Reference Book | Kannada | St Aloysius Library | St Aloysius Library | Reference Section | 01/16/2025 | Navakarnataka Publications Pvt Ltd Mangaluru-575001 | 360.00 | K894.103 MAHA | 077523 | 01/17/2025 | 450.00 | 01/17/2025 | Reference |